000
00231nam a22000857a 4500
008
170621b xxu||||| |||| 00| 0 eng d
100
_9
3599
_a
Gopalakrishnan. K. V
245
_a
Inventors who Revolution
260
_a
New Delhi
_b
N. B. T
_c
2008
999
_c
6987
_d
6987